000 01015nam a2200277 a 4500
001 BRL_1663
005 20190320211319.0
008 220414s1974----mx-a######---#000-0#spa-#
041 _aspa
044 _amx
050 4 _aF1210
_b.M49 1974
245 1 0 _aLos mexicanos pintados por si mismos
_cpor Hilarión Frías y Soto...[et al.]
260 _aMéxico
_bLibrería de Manuel Porrúa
_c1974
300 _a290 p.
_bil.
_c24 cm.
440 0 _aDocumentos Mexicanos
_v6
_927571
500 _aAu1868
500 _aIncluye índice de los artículos
500 _aEn la portada: ´Reproducción facsimilar de la edición de 1885´.
500 _aVer también los numeros de sistema 1887 y 4292 pertenecientes al Fondo Contemporáneo
500 _aVer también número de sistema 1638 perteneciente al Fondo Ruth Luchega
650 1 4 _aVida cotidiana
_xMéxico
_927572
651 4 _aMéxico
_xVida social y costumbres
_9769
700 1 _aFrías y Soto, Hilarión
_ecoaut.
_927573
902 _aGRL
942 _2lcc
_cB
999 _c10472
_d10472